Code of practice on safety and health in underground coalmines

Bibliographic Details
Format: eBook
Language:Spanish
Published: Geneva : International Labour Organization, represented by the International Labour Office (ILO), 2006
Subjects:
Online Access:http://www.vlex.com/source/11272

MARC

LEADER 00000nam a22000007a 4500
005 20130611170416.0
007 cr|||| ||||
008 130611e2006 sz |||||s|||| 00||0 spa d
035 |a 11272 
040 |a vLex 
090 |c 4306  |d 4306 
245 0 0 |a Code of practice on safety and health in underground coalmines  |h [Recurso electrn̤ico]  
256 |a Servicio en ln̕ea 
260 |a Geneva :  |b International Labour Organization, represented by the International Labour Office (ILO),   |c 2006 
300 |a 1 Recurso electrn̤ico 
506 |a Contenido solo disponible en los productos indicados  |d vLex Global   |d vLex Global (Academic Edition, excluding Law Schools)  |d vLex Global (U.S. Academic Edition, Law Schools)  |d vLex Global (U.S. Academic Edition, excluding Law Schools)  |d vLex Global (Academic Edition, Law Schools) 
650 0 |a Derecho laboral y Seguridad Social 
740 |a vLex Libros (Servicio en ln̕ea) 
856 |a Acceso restringido  |u http://www.vlex.com/source/11272 
942 |c BOOK 
999 0 |a Labor laws and legislation